Paris Saint Germain all time xi - Statistics

General Stats
  • This quiz has been taken 126 times
  • The average score is 8 of 11
Answer Stats
Hint Answer % Correct
FW(Sweden) Zlatan Ibrahimović
96%
FW(Uruguay) Edinson Cavani
95%
MF(Italy) Marco Verratti
90%
DF(Brazil) Thiago silva
89%
MF(Brazil) Neymar Jr
86%
DF(Brazil) Marquinhos
85%
MF(france) Kylian Mbappé
73%
MF(france) Blaise Matuidi
59%
GK(Italy) Salvatore Sirigu
57%
DF(Brazil) Maxwell
54%
DF(france) Jean-Marc Pilorget
4%
No matching quizzes found
Score Distribution
Percent of People with Each Score
Percentile by Number Answered
Your Score History
You have not taken this quiz